MDQL
is popping MORE tags! Check the
thread
!
Quizzes
Events
Quiz Creation
Community
Videos
Private Events
Remove Ads
Sign In
Join for FREE
Feedback
Dark Mode
Quiz Categories
Sports
Geography
Music
Movies
Television
Just For Fun
Miscellaneous
History
Literature
Language
Science
Gaming
Entertainment
Religion
Holiday
For Kids
Quiz Lab
Recent
Popular Today
Quiz Kudos Today
Editor Picks
Curator Picks
Quizzes by...
Day
Popularity
Type
Ratings
Length
Year
Community
Subscriptions
Recent Discussions
Orange Saloon
Badges
Playlists
Quests
Create
Leaderboards
Showdown
Live 5
Trivia Bingo
Activity
Puzzle Library
Sporcle Events
Private Events
Virtual Trivia
Globe League
Become a Host
Pub Owners
SporcleCon
Opinionation
Our Games
Videos
Blog
Mobile Apps
Partnerships
Remove Ads and Go Orange
Feedback
Miscellaneous
Crossword
General Knowledge
Baby Names
Logo
Food
Cars
Numbers
Grab Bag
University
College
Popular
Company
Slogans
Restaurants
Justice
Letter
Miscellaneous
Crossword
General Knowledge
Baby Names
Logo
Food
Cars
Numbers
Grab Bag
University
College
Popular
Company
Slogans
Restaurants
Justice
Letter
Random Quiz
Search Sporcle
×
Quiz Lab
Quiz Lab
Miscellaneous
Actor
Type in answers that appear in a list
Type in answers that appear in a list
Classic
Best Score? Go Orange.
Guess the Actor/Actress Stats
Can you name the actor and actress from the clues provided?
By
Henry_Haddock
15m
55 Questions
263 Plays
263 Plays
263 Plays
Comments
Comments
Give Quiz Kudos
Give Quiz Kudos
-
- Ratings
hide this ad
Forced Order
Answers have to be entered in order
Answers have to be entered in order
Random Order
Randomize order of answers
Randomize order of answers
Replay
Link that replays current quiz
Next Quiz
Link to next quiz in quiz playlist
You Got
0%
They Got
Avg Score
37%
Avg Friend Score
Upgrade to see
Score Distribution
Jump to the score distribution portion of the page
Score
0/55
Timer
15:00
0
Plays Today
Films they have been in
Actor
% Correct
Titanic, Inception, The Wolf of Wall Street
Leonardo DiCaprio
73.5%
Forrest Gump, The Green Mile, Philadelphia
Tom Hanks
72.2%
The Hunger Games, X-
Men First Class, Passengers
Jennifer Lawrence
70.5%
Logan, The Wolverine, Chappie,
Hugh Jackman
67.7%
The Amazing Spiderman, La La Land, The Help
Emma Stone
66.2%
Iron Man, The Avengers, Captain America Civil War
Robert Downey Jr
65.7%
Deadpool, X-
Men Origins: Wolverine, The Proposal
Ryan Reynolds
58.2%
The Matrix, John Wick, Constantine
Keanu Reeves
57.4%
Dr Strange, Twelve Years a Slave, The Imitation Game
Benedict Cumberbatch
57.4%
Star Wars: A New Hope, Indiana Jones: Raiders of the Lost Ark, Bladerunner
Harrison Ford
56.9%
Collateral, Edge of Tomorrow, Mission: Impossible
Tom Cruise
56.7%
Thor, Star Wars the Phantom Menace, Black Swan
Natalie Portman
55.9%
Die Hard, Pulp Fiction, Armageddon
Bruce Willis
53.6%
Taken, Schindler's List, Non-
Stop
Liam Neeson
52.8%
Ted, Friends With Benefits, Black Swan
Mila Kunis
51.6%
Batman V Superman: Dawn of Justice, Gone Girl, Argo
Ben Affleck
51.3%
Ace Ventura: When Nature Calls, Liar Liar, Eternal Sunshine of the Spotless Mind
Jim Carrey
50.7%
The Godfather, Scarface, Scent of a Woman
Al Pacino
50.2%
Pulp Fiction, Django Unchained, The Avengers
Samuel L Jackson
47.4%
Fight Club, American History X, The Incredible Hulk
Edward Norton
46.4%
X-
Men First Class, Split, Victor Frankenstein
James McAvoy
45.7%
21 Jump Street, Sausage Party, Wardogs
Jonah Hill
45.7%
Die Hard, Harry Potter and the Philosopher Stone, Love Actually
Alan Rickman
45.3%
The Shawshank Redemption, Seven, Unforgiven
Morgan Freeman
45%
Predator, The Terminator, Commando
Arnold Schwarzenegger
44.9%
Fight Club, Harry Potter and the Order of the Phoenix, Alice in Wonderland
Helena Bonham Carter
43.3%
Ted, Transformers Age of Extinction, Shooter
Mark Wahlberg
43%
Taxi Driver, The Godfather Part 2, Goodfellas
Robert De Niro
42.3%
Films they have been in
Actor
% Correct
Spiderman, The Great Gatsby, Pawn Sacrifice
Tobey Maguire
40.3%
Philadelphia, Malcolm X, Flight
Denzel Washington
38%
Batman V Superman: Dawn of Justice, The Social Network, Now You See Me
Jesse Eisenberg
37.7%
The Silence of the Lambs, Taxi Driver, The Accused
Jodie Foster
37.6%
Thor: Ragnarok, Lord of the Rings: The Fellowship of the Ring, Blue Jasmine
Cate Blanchett
36.3%
The World is Not Enough, Goldeneye, Mamma Mia
Pierce Brosnan
36.1%
The Hobbit an Unexpected Journey, Hot Fuzz, The World's End
Martin Freeman
34.2%
L.A Confidential, Seven, The Usual Suspects
Kevin Spacey
33.1%
High Plains Drifter, Unforgiven, The Good, The Bad and The Ugly
Clint Eastwood
33%
The Godfather, Apocalypse Now, A Streetcar Named Desire
Marlon Brando
32.6%
L.A Confidential, Gladiator, Man of Steel
Russell Crowe
31.6%
Sausage Party, Kung Fu Panda, The Interview
Seth Rogen
30.7%
Shame, X-
Men First Class, Twelve Years a Slave
Michael Fassbender
30.4%
Seven, Iron Man, Shakespeare in Love
Gwyneth Paltrow
29.3%
L.A Confidential, Memento, Iron Man 3
Guy Pearce
28.8%
Total Recall, Fantastic Beasts and Where to Find Them, Seven Psychopaths
Colin Farrell
28.5%
The Shawshank Redemption, Mystic River, The Player
Tim Robbins
28%
Pulp Fiction, Reservoir Dogs, The Incredible Hulk
Tim Roth
23.3%
Horrible Bosses, Juno, The Switch
Jason Bateman
21.9%
It's a Wonderful Life, Vertigo, Rear Window
James Stewart
19.1%
The Green Mile, Iron Man 2, Galaxy Quest
Sam Rockwell
19.1%
Apocalypse Now, The Amazing Spiderman, Badlands
Martin Sheen
19.1%
Spartacus, Paths of Glory, The Bad and the Beautiful
Kirk Douglas
18.1%
A Clockwork Orange, Caligula, O Lucky Man
Malcolm McDowell
17.2%
The Incredibles, Batman v Superman: Dawn of Justice, The Piano
Holly Hunter
14.9%
The Green Mile, Daredevil, Kung Fu Panda
Michael Clarke Duncan
11.2%
Baby Driver, The Wolf of Wall Street, Fury
Jon Bernthal
11%
Quiz Playlist
Details
Report
Send in Message
Add To Playlist
Classic:
Type in answers that appear in a list
Forced Order:
Answers have to be entered in order
Random Order:
Randomize order of answers
Last Updated: Nov 27, 2017
Quiz Scoreboard
CHALLENGE
Sign Up to Join the Scoreboard
Show All
Scores
Hide
Comments
May contain spoilers
Recently Published
Two Season TV Shows II
by 123Four
Television
10m
Image Sorting: Flags VI
by Barbecue
Geography
2m
Find the 'City' Movie
by crazypaving
Movies
60s
More to Explore
Quiz From the Vault
Featured Blog Post
14 Easter Pick-up Lines to Find Eggs With
hide this ad
You Might Also Like...
Tags
Actor Quiz
Actress Quiz
Provided
Today's Top Quizzes in Miscellaneous
Browse Miscellaneous
hide this ad
Today's Top Quizzes in Actor
Browse Actor
Top Contributed Quizzes in Miscellaneous
1
The JOE quick-fire general knowledge quiz: Day 174
2
5-to-1: Fast Food
3
9x9 Crossword: Disney Movie Titles
4
The JOE quick-fire general knowledge quiz: Day 173
5
9x9 Crossword: Charlie and the Chocolate Factory
6
9x9 Crossword: Actors
7
9x9 Crossword: 2022 Movies
8
9x9 Crossword: Flags
9
9x9 Crossword: The Simpsons
10
9x9 Crossword: Pixar Movie Titles
Explore More
Trending Topics
Disney
NBA
Crossword
Harry Potter
Marvel
Kpop
Anime
Soccer
Pokémon
NFL
Song
Puzzle
The Office
Country
WWE
hide this ad
More By:
Henry_Haddock
Quiz
Plays
Rating
Category
Featured
Created
Guess the Actor/Actress
263
2.50
Miscellaneous
Jun 13, 2017
Marvel Characters
146
1.00
Entertainment
Mar 12, 2017
Marvel Characters Identities
128
1.50
Entertainment
Apr 1, 2017
Who did Kevin Spacey play in these films?
26
Miscellaneous
Nov 30, 2017
Guess The Film
16
1.00
Entertainment
May 3, 2017
Go to Creator's Profile
Score Distribution
Quiz Creator Spotlight
Henry_Haddock
Follow
Send a Message
Quizzes Created
-
Created Quiz Play Count
-
More By This Creator
Popular Quizzes Today
1
Colored Red Africa Blitz
2
Find the US States - No Outlines Minefield
3
Find the 'City' Movie
4
5x2 Blitz: Bands
5
The Countries of the World
6
Find the US States
7
Find the Countries of Europe - No Outlines Minefield
8
US States
More Miscellaneous Quizzes
4 to 13 Letter 'I' Images
Published
Trending Quizzes
Colored Red Europe Blitz I
Colored Red Africa Blitz II
Colored Red Europe Blitz II
Colored Red Africa Blitz III
Colored Red Europe Blitz III
Recently Updated
How Do You Spell That?
pecheneg
Godzilla Movies
pecheneg
Grab Bag: 4-10 Letters
pecheneg
2024 March Madness Bracket
pecheneg
Famous TV Couples
Peacemaker
Champions League XIs: Real Madrid
pecheneg
Largest US Cities 1790-2010
pecheneg
Rides in Walt Disney World
pecheneg
Most Oscar Losses (Acting)
pecheneg
Beyoncé Albums
pecheneg
Trending Topics
Harry Potter
Kpop
Disney
Crossword
Anime
NBA
Marvel
Puzzle
Soccer
NFL
Country
Song
Pokémon
The Office
WWE
Your Account Isn't Verified!
In order to create a playlist on Sporcle, you need to verify the email address you used during registration. Go to your
Sporcle Settings
to finish the process.
Report this User
Report this user for behavior that violates our
Community Guidelines
.
Details:
Send Report
Go to the Sporcle.com Mobile Site →
Comments